| 000 | 01292nam a2200373 i 4500 | ||
|---|---|---|---|
| 001 | 13586 | ||
| 003 | KOSZ 005 | ||
| 005 | 20200420163139.0 | ||
| 008 | 071203s1971 pl a f f 000 0 pol | ||
| 015 | _aPB 1971/4435 | ||
| 040 |
_aWA N _cWA N _dKOSZ 005/RW |
||
| 080 | _a621.74 | ||
| 100 | 1 |
_aChudzikiewicz, Ryszard _d(1923-2005) _eAutor |
|
| 245 | 1 | 0 |
_aOdlewanie w formach samoutwardzalnych / _cRyszard Chudzikiewicz. |
| 260 |
_aWarszawa : _bWydawnictwa Naukowo-Techniczne, _c1971. |
||
| 300 |
_a175, [1] stron : _bilustracje ; _c24 cm. |
||
| 336 |
_aTekst _btxt _2rdacontent |
||
| 337 |
_aBez urządzenia pośredniczącego _bn _2rdamedia |
||
| 338 |
_aWolumin _bnc _2rdacarrier |
||
| 380 | _aKsiążki. | ||
| 380 | _aPublikacje dydaktyczne | ||
| 380 | _aPublikacje fachowe | ||
| 490 | 1 |
_aNowa Technika _vz. 95. |
|
| 504 | _aBibliografia na stronach 172-[176]. | ||
| 658 | _aInżynieria i technika | ||
| 650 | 4 | _aTechnologia | |
| 655 | 5 | _aOpracowanie | |
| 655 | 5 | _aPodręcznik | |
| 650 | 4 | _aFormierstwo | |
| 710 | 2 |
_aWydawnictwa Naukowo-Techniczne _4pbl. |
|
| 830 | 0 |
_aNT Nowa Technika _vz. 95. |
|
| 856 |
_uhttp://koha.tu.koszalin.pl/cgi-bin/koha/opac-detail.pl?biblionumber=13586 _yKatalog online BPK |
||
| 942 |
_2UKD _cKS |
||
| 999 |
_c13586 _d13586 |
||